Państwa Świata w kolejności alfabetycznej - Statystyki

Ogólne statystyki
  • Ten quiz został rozwiązany 41 razy
  • Średni wynik to 98 z 196
Odpowiedzi na mapie
Odpowiedzi zakodowano w zielono-czerwonej skali na mapie do tego quizu, zgodnie z poniższymi procentami.
 
Statystyki odpowiedzi
Państwo % Poprawnych
Afganistan
100%
Albania
81%
Algieria
71%
Antigua i Barbuda
67%
Australia
67%
Austria
67%
Bahamy
67%
Angola
62%
Armenia
62%
Bahrajn
62%
Barbados
62%
Belgia
62%
Andora
57%
Argentyna
57%
Azerbejdżan
57%
Bangladesz
57%
Belize
57%
Bhutan
57%
Białoruś
57%
Boliwia
57%
Botswana
57%
Brunei
57%
Bułgaria
57%
Burkina Faso
57%
Burundi
57%
Chile
57%
Chiny
57%
Chorwacja
57%
Czechy
57%
Dania
57%
Dominika
57%
Dominikana
57%
Dżibuti
57%
Ekwador
57%
Arabia Saudyjska
52%
Benin
52%
Bośnia i Hercegowina
52%
Brazylia
52%
Cypr
52%
Czad
52%
Czarnogóra
52%
Demokratyczna Republika Konga
52%
Egipt
52%
Erytrea
52%
Estonia
52%
Eswatini
52%
Etiopia
52%
Finlandia
52%
Gabon
52%
Ghana
52%
Grecja
52%
Gujana
52%
Gwinea
52%
Gwinea Bissau
52%
Gwinea Równikowa
52%
Haiti
52%
Honduras
52%
Indonezja
52%
Irak
52%
Iran
52%
Irlandia
52%
Islandia
52%
Jemen
52%
Jordania
52%
Kambodża
52%
Kamerun
52%
Kenia
52%
Kirgistan
52%
Kiribati
52%
Kolumbia
52%
Kongo
52%
Kosowo
52%
Kostaryka
52%
Laos
52%
Liberia
52%
Madagaskar
52%
Malawi
52%
Mauretania
52%
Meksyk
52%
Mozambik
52%
Stany Zjednoczone
52%
Syria
52%
Szwajcaria
52%
Szwecja
52%
Tonga
52%
Tuvalu
52%
Urugwaj
52%
Zambia
52%
Zimbabwe
52%
Filipiny
48%
Francja
48%
Gambia
48%
Gruzja
48%
Gwatemala
48%
Hiszpania
48%
Holandia
48%
Indie
48%
Izrael
48%
Jamajka
48%
Japonia
48%
Kanada
48%
Kazachstan
48%
Komory
48%
Libia
48%
Liechtenstein
48%
Luksemburg
48%
Malezja
48%
Mali
48%
Maroko
48%
Mauritius
48%
Mikronezja
48%
Mongolia
48%
Niger
48%
Nigeria
48%
Nikaragua
48%
Oman
48%
Pakistan
48%
Palau
48%
Paragwaj
48%
Polska
48%
Portugalia
48%
Republika Środkowoafrykańska
48%
Rumunia
48%
Rwanda
48%
Salwador
48%
Sierra Leone
48%
Sudan
48%
Sudan Południowy
48%
Surinam
48%
Tajlandia
48%
Tajwan
48%
Timor Wschodni
48%
Tunezja
48%
Turcja
48%
Turkmenistan
48%
Uganda
48%
Ukraina
48%
Uzbekistan
48%
Wyspy Marshalla
48%
Wyspy Salomona
48%
Wyspy Świętego Tomasza i Książeca
48%
Fidżi
43%
Grenada
43%
Katar
43%
Korea Północna
43%
Korea Południowa
43%
Kuba
43%
Kuwejt
43%
Lesotho
43%
Liban
43%
Litwa
43%
Łotwa
43%
Macedonia Północna
43%
Malediwy
43%
Malta
43%
Mjanma
43%
Mołdawia
43%
Namibia
43%
Nauru
43%
Nepal
43%
Niemcy
43%
Norwegia
43%
Panama
43%
Papua-Nowa Gwinea
43%
Peru
43%
Republika Południowej Afryki
43%
Republika Zielonego Przylądka
43%
Rosja
43%
Saint Kitts i Nevis
43%
Saint Lucia
43%
Saint Vincent i Grenadyny
43%
Senegal
43%
Serbia
43%
Seszele
43%
Singapur
43%
Słowacja
43%
Słowenia
43%
Somalia
43%
Sri Lanka
43%
Tadżykistan
43%
Tanzania
43%
Togo
43%
Vanuatu
43%
Węgry
43%
Wenezuela
43%
Wielka Brytania
43%
Wietnam
43%
Włochy
43%
Wybrzeże Kości Słoniowej
43%
Zjednoczone Emiraty Arabskie
43%
Nowa Zelandia
38%
Trynidad i Tobago
38%
Watykan
38%
Monako
33%
Samoa
33%
San Marino
33%
Nie znaleziono quizów pasujących do podanych kryteriów
Rozkład punktacji
Procent ludzi z każdym wynikiem
Percentyl według liczby udzielonych odpowiedzi
Twoja historia wyników
Nie rozwiązałeś tego quizu